00564nam a2200181 a 450000500170000000800410001702000220005805000230008010000170010324501040012026000450022430000290026952100070029865000270030565000190033265000160035170000150036720140310183459.0091208s19uu xx 00 eng d a978-0-470-13113-8 aTR 860b.L375 2007 aLarson, Lisa aFlash video for professionals :bexpert techniques for integrating video on the web /cLisa Larson. aIndiana :bWiley Publishing, Inc,c2007. a362 P. :bill. ;c25 cm. aMA aFlash (Computer file). aDigital video. aWebcasting. aCostantini